00230nam a2200085Ia 4500008004100000100002800041245002800069260003000097300001700127180205s9999 xx 000 0 und d aAquino, Reyes Francisca aPhilippine folk dance / aManila, Philippinesc1996 ai, 103 pages